000 00720nam a22002177a 4500
003 UA-OsUOA
001 132157
007 ta
008 20180710b un ||||| |||| 00| 0 ukr d
100 _aПилипенко В.
090 _a316
_bП32
942 _cSA
040 _aUA-OsUOA
_bukr
_cUA-OsUOA
_dUA-OsUOA
245 _aМетатеоретичні пошуки соціологів у 1950-1970-х роках: генеза нової царини соціологічного знання
300 _aС.117-142
955 _a0
041 _aukr
080 _a316
773 0 _w132156
_tСоціологія: теорія, методи, маркетинг
_dК.
_d2018
_g2
650 7 _a316 Соціологія
_2UDC
999 _c420670
_d420670